Understanding and treating psychogenic voice disorder (Record no. 51243)
[ view plain ]
| 000 -LEADER | |
|---|---|
| fixed length control field | 01239cam a2200361 a 4500 |
| 001 - CONTROL NUMBER | |
| control field | 08102341 |
| 005 - DATE AND TIME OF LATEST TRANSACTION | |
| control field | 20250225163942.0 |
| 008 - FIXED-LENGTH DATA ELEMENTS--GENERAL INFORMATION | |
| fixed length control field | 061006s2007 enka b 001 0 eng |
| 010 ## - LIBRARY OF CONGRESS CONTROL NUMBER | |
| LC control number | 2006033490 |
| 020 ## - INTERNATIONAL STANDARD BOOK NUMBER | |
| International Standard Book Number | 0470061227 (pbk.) |
| 020 ## - INTERNATIONAL STANDARD BOOK NUMBER | |
| International Standard Book Number | 9780470061220 (pbk.) : NT 2016 |
| 035 ## - SYSTEM CONTROL NUMBER | |
| System control number | (DNLM)101289341 |
| 040 ## - CATALOGING SOURCE | |
| Original cataloging agency | DNLM/DLC |
| Transcribing agency | DLC |
| Modifying agency | DLC |
| 042 ## - AUTHENTICATION CODE | |
| Authentication code | pcc |
| 100 1# - MAIN ENTRY--PERSONAL NAME | |
| Personal name | Butcher, Peter. |
| 245 10 - TITLE STATEMENT | |
| Title | Understanding and treating psychogenic voice disorder |
| Medium | [electronic resource] : |
| Remainder of title | a CBT framework / |
| Statement of responsibility, etc | Peter Butcher, Annie Elias and Lesley Cavalli. |
| 260 ## - PUBLICATION, DISTRIBUTION, ETC. (IMPRINT) | |
| Place of publication, distribution, etc | West Sussex : |
| Name of publisher, distributor, etc | John Wiley & Sons, |
| Date of publication, distribution, etc | c2007. |
| 300 ## - PHYSICAL DESCRIPTION | |
| Extent | xvi, 220 p. : |
| Other physical details | ill. ; |
| Dimensions | 23 cm. |
| 336 ## - CONTENT TYPE | |
| Content Type Term | text |
| 337 ## - MEDIA TYPE | |
| Media Type Term | computer |
| 338 ## - CARRIER TYPE | |
| Carrier Type Term | online resource |
| 440 #0 - SERIES STATEMENT/ADDED ENTRY--TITLE | |
| Title | Wiley series in human communication science. |
| 504 ## - BIBLIOGRAPHY, ETC. NOTE | |
| Bibliography, etc | Includes bibliographical references (p. [207]-212) and index. |
| 650 #0 - SUBJECT ADDED ENTRY--TOPICAL TERM | |
| Topical term or geographic name as entry element | Voice disorders. |
| 650 #0 - SUBJECT ADDED ENTRY--TOPICAL TERM | |
| Topical term or geographic name as entry element | Somatoform disorders |
| General subdivision | Treatment. |
| 650 #0 - SUBJECT ADDED ENTRY--TOPICAL TERM | |
| Topical term or geographic name as entry element | Speech therapy. |
| 650 #0 - SUBJECT ADDED ENTRY--TOPICAL TERM | |
| Topical term or geographic name as entry element | Speech disorders. |
| 655 ## - INDEX TERM--GENRE/FORM | |
| Genre/form data or focus term | electronic books |
| 700 1# - ADDED ENTRY--PERSONAL NAME | |
| Personal name | Cavalli, Lesley. |
| 700 1# - ADDED ENTRY--PERSONAL NAME | |
| Personal name | Elias, Annie. |
| 856 ## - ELECTRONIC LOCATION AND ACCESS | |
| Uniform Resource Identifier | <a href="https://drive.google.com/file/d/18pBY9cjgs_e3RyncAq-rCoBk_VLTjege/view?usp=sharing">https://drive.google.com/file/d/18pBY9cjgs_e3RyncAq-rCoBk_VLTjege/view?usp=sharing</a> |
| 942 ## - ADDED ENTRY ELEMENTS (KOHA) | |
| Source of classification or shelving scheme | Library of Congress Classification |
| Item type | eBooks |
| Withdrawn status | Lost status | Source of classification or shelving scheme | Damaged status | Not for loan | Home library | Current library | Date acquired | Inventory number | Total Checkouts | Date last seen | Price effective from | Koha item type |
|---|---|---|---|---|---|---|---|---|---|---|---|---|
| Library of Congress Classification | BSOP Library | Digital Library | 05/08/2024 | eB-00196 | 05/08/2024 | 05/08/2024 | eBooks |
